مكتبة جامعة عجلون الوطنية

فهرس بحث المكتبة

Normal view MARC view
  • احمد، فاروق عبدالعظيم/عبد المرضى خامد عزام/يحيى سعد زغلول

Entry Personal Name

Number of records used in: 1

001 - CONTROL NUMBER

  • control field: 39597

003 - CONTROL NUMBER IDENTIFIER

  • control field: JO-AjAnu

005 - DATE AND TIME OF LATEST TRANSACTION

  • control field: 20230606080602.0

008 - FIXED-LENGTH DATA ELEMENTS

  • fixed length control field: 230606|| aca||aabn | a|a d

040 ## - CATALOGING SOURCE

  • Original cataloging agency: JO-AjAnu
  • Transcribing agency: JO-AjAnu

100 ## - HEADING--PERSONAL NAME

  • Personal name: احمد، فاروق عبدالعظيم/عبد المرضى خامد عزام/يحيى سعد زغلول

670 ## - SOURCE DATA FOUND

  • Source citation: Work cat.: (JO-AjAnu)20304: احمد، فاروق عبدالعظيم/عبد المرضى خامد عزام/يحيى سعد زغلول, author, مقدمة في طرق البحث الاحصائي وتحليل الظواهر